Biomarkers in Periodontitis and Peri-Implantitis (Record no. 32296)

MARC details
000 -LEADER
fixed length control field 00460nam a22001817a 4500
003 - CONTROL NUMBER IDENTIFIER
control field SGT
020 ## - INTERNATIONAL STANDARD BOOK NUMBER
International Standard Book Number 9789358798074
082 ## - DEWEY DECIMAL CLASSIFICATION NUMBER
Classification number 617.632
Item number B25Y
100 ## - MAIN ENTRY--PERSONAL NAME
Personal name Yadav, Priya
245 ## - TITLE STATEMENT
Title Biomarkers in Periodontitis and Peri-Implantitis
250 ## - EDITION STATEMENT
Edition statement 1st Ed.
260 ## - PUBLICATION, DISTRIBUTION, ETC. (IMPRINT)
Place of publication, distribution, etc Lunawada, India
Name of publisher, distributor, etc Red'Shine Publication Pvt. Ltd.
Year of Publication 2025
300 ## - PAGE DESCRIPTION
No. of Pages 99
650 ## - SUBJECT ADDED ENTRY--TOPICAL TERM
Topical term or geographic name as entry element Periodontology
700 ## - ADDED ENTRY--PERSONAL NAME
Personal name Bhatnagar, Anurag
700 ## - ADDED ENTRY--PERSONAL NAME
Personal name Bhardwaj, Amit
942 ## - ADDED ENTRY ELEMENTS (KOHA)
Source of classification or shelving scheme Dewey Decimal Classification
Koha item type Books
Holdings
Withdrawn status Lost status Source of classification or shelving scheme Damaged status Use restrictions Not for loan Home library Current library Date acquired SGTU Total Checkouts Full call number Accession No. (Barcode) Date last seen Bill Date Koha item type
    Dewey Decimal Classification   Restricted Access Not For Loan SGT Dental Library SGT Dental Library 21/08/2025 SGTU   617.632 B25Y FD9727 21/08/2025 21/08/2025 Books